000 00392pab a2200169 454500
008 180718b2001 xxu||||| |||| 00| 0 eng d
100 _aMathew, George
245 _aGujarat: where are the panchayats?
260 _c2001
300 _ap.10
362 _a21 Feb
650 _aRural development
650 _aPanchayat - India
650 _aPanchayat
773 _aHindu
909 _a48577
999 _c48577
_d48577